[Event "DLM 2010"]
[Site "Stuttgart GER"]
[Date "2010.11.19"]
[Round "5"]
[White "Schulz, Jens"]
[Black "Müller, Philipp"]
[Result "1-0"]
[Termination "normal"]
[Board "1.2"]
[WhiteElo "2173"]
[BlackElo "1992"]
[WhiteTeam "Niedersachsen"]
[BlackTeam "Württemberg 2"]
[WhiteFideId "24675687"]
[BlackFideId "24683701"]
[EventCountry "GER"]
[EventRounds "7"]
[EventType "team-swiss"]
[EventDate "2010.11.16"]

1. e4 Nc6 2. Nc3 d6 3. f4 g6 4. Bc4 Bg7 5. Nf3 e6 6. O-O Nge7 7. Qe1 Nd4 8.
Nxd4 Bxd4+ 9. Kh1 Nc6 10. a4 Bd7 11. d3 O-O 12. Qg3 a6 13. f5 Bf6 14. Bh6 Re8
15. fxe6 fxe6 16. Qf2 Be5 17. Ne2 Qe7 18. h4 Kh8 19. c3 Bg7 20. Bg5 Qf8 21. Qg3
Qg8 22. d4 Rf8 23. Nf4 Nd8 24. h5 Rxf4 25. Rxf4 gxh5 26. Raf1 Be8 27. Be7 Nc6
28. Bxe6 Nxe7 29. Bxg8 Nxg8 30. Rf8 Bb5 31. Rxa8 Bxf1 32. Qf4 Bc4 33. d5 1-0

[Event "DLM 2010"]
[Site "Stuttgart GER"]
[Date "2010.11.19"]
[Round "5"]
[White "Zimmermann, Ulrich"]
[Black "Schreiner, Till"]
[Result "1-0"]
[Termination "normal"]
[Board "1.3"]
[WhiteElo "2055"]
[BlackElo "2149"]
[WhiteTeam "Württemberg 2"]
[BlackTeam "Niedersachsen"]
[WhiteFideId "24654523"]
[BlackFideId "24675555"]
[EventCountry "GER"]
[EventRounds "7"]
[EventType "team-swiss"]
[EventDate "2010.11.16"]

1. e4 c5 2. Nf3 d6 3. d4 cxd4 4. Nxd4 Nf6 5. Nc3 a6 6. Bg5 e6 7. f4 Nbd7 8. Qf3
Qc7 9. O-O-O b5 10. Bd3 Bb7 11. Rhe1 O-O-O 12. Qg3 Be7 13. Bxb5 axb5 14. Ndxb5
Qc5 15. e5 dxe5 16. fxe5 Nd5 17. Bxe7 Qxe7 18. Nd6+ Kb8 19. Nxd5 Bxd5 20. Rxd5
exd5 21. Qb3+ Nb6 22. Qxb6+ Ka8 23. Qc6+ Kb8 24. Re3 Rxd6 25. Rb3+ Ka7 26. Ra3+
1-0

[Event "DLM 2010"]
[Site "Stuttgart GER"]
[Date "2010.11.19"]
[Round "5"]
[White "Tennert, Simon"]
[Black "Stitterich, Nadine"]
[Result "0-1"]
[Termination "normal"]
[Board "1.4"]
[WhiteElo "2025"]
[BlackElo "2000"]
[WhiteTeam "Niedersachsen"]
[BlackTeam "Württemberg 2"]
[WhiteFideId "1270445"]
[BlackFideId "24676527"]
[EventCountry "GER"]
[EventRounds "7"]
[EventType "team-swiss"]
[EventDate "2010.11.16"]

1. e4 c5 2. Nf3 e6 3. d4 cxd4 4. Nxd4 Nc6 5. Nc3 Qc7 6. Be3 a6 7. Qd2 Nf6 8.
O-O-O Bb4 9. f3 Ne5 10. Nb3 b5 11. Qe1 Nc4 12. Bd4 Bb7 13. e5 Bxc3 14. Bxc3 Nd5
15. Bd4 Rc8 16. Kb1 Nce3 17. Rc1 Nc4 18. Qg3 O-O 19. Bd3 f5 20. exf6 Nxf6 21.
Qh4 e5 22. Bc3 d5 23. Bb4 Rfe8 24. Bf5 Rcd8 25. Nc5 Bc8 26. Bxc8 Qxc8 27. Nd3
a5 28. Be1 b4 29. h3 Qf5 30. Rf1 Ne3 31. g4 Qg6 32. Rg1 Rc8 33. Qf2 Nxc2 34.
Rxc2 Qxd3 35. Qe2 Qg6 36. h4 d4 37. Qd1 Nd5 38. h5 Qe6 39. Bf2 Nf4 40. Bg3 Qd5
41. Bxf4 Rxc2 42. Qxc2 exf4 43. h6 Qe6 44. Rd1 Qxh6 45. Qc4+ Kh8 46. Qxd4 Qg6+
47. Ka1 Qg5 48. Qd7 Qe5 49. Kb1 Kg8 50. g5 Qe6 51. Qxe6+ Rxe6 52. Rd4 Re5 53.
g6 hxg6 54. Rxf4 g5 55. Rc4 Rf5 56. Kc2 g6 57. Kb3 Rxf3+ 58. Ka4 Rf5 59. Rc7 g4
60. Rc4 Rg5 61. Rc2 g3 62. Rg2 Kh7 63. a3 bxa3 64. Kxa3 Kh6 65. b4 axb4+ 66.
Kxb4 Kh5 67. Rg1 g2 0-1

[Event "DLM 2010"]
[Site "Stuttgart GER"]
[Date "2010.11.19"]
[Round "5"]
[White "Gibicar, Danijel"]
[Black "Grigorian, Spartak"]
[Result "1-0"]
[Termination "normal"]
[Board "1.5"]
[WhiteElo "1992"]
[BlackElo "1835"]
[WhiteTeam "Württemberg 2"]
[BlackTeam "Niedersachsen"]
[WhiteFideId "24660256"]
[BlackFideId "24661490"]
[EventCountry "GER"]
[EventRounds "7"]
[EventType "team-swiss"]
[EventDate "2010.11.16"]

1. d4 e6 2. c4 Nf6 3. g3 b6 4. Bg2 c6 5. Nf3 Ba6 6. Qc2 d5 7. Nbd2 Be7 8. O-O
O-O 9. b3 Nbd7 10. Bb2 Rc8 11. Rac1 h6 12. Rfd1 Qc7 13. e4 dxe4 14. Nxe4 Nxe4
15. Qxe4 Bb7 16. d5 cxd5 17. cxd5 Qb8 18. Qg4 Bf6 19. dxe6 Bxb2 20. Rxc8 Qxc8
21. exd7 Qc7 22. Nh4 Bxg2 23. Kxg2 Rd8 24. Nf5 Kh8 25. Qe4 Be5 26. Qd5 Qc2 27.
Qxe5 Qxd1 28. Qxg7# 1-0

[Event "DLM 2010"]
[Site "Stuttgart GER"]
[Date "2010.11.19"]
[Round "5"]
[White "Düssler, Stefanie"]
[Black "Zeller, Elisa"]
[Result "0-1"]
[Termination "normal"]
[Board "1.6"]
[WhiteElo "1868"]
[BlackElo "1770"]
[WhiteTeam "Niedersachsen"]
[BlackTeam "Württemberg 2"]
[WhiteFideId "4634780"]
[BlackFideId "24662410"]
[EventCountry "GER"]
[EventRounds "7"]
[EventType "team-swiss"]
[EventDate "2010.11.16"]

1. e4 d6 2. d4 Nf6 3. Nc3 g6 4. Be3 Bg7 5. f3 c6 6. Qd2 O-O 7. Bh6 e5 8. Nge2
Nxe4 9. Nxe4 Qh4+ 10. g3 Qxh6 11. Qxh6 Bxh6 12. Nxd6 exd4 13. Nxc8 Rxc8 14.
Nxd4 Re8+ 15. Kd1 Rd8 16. c3 c5 17. Kc2 cxd4 18. Rd1 Nc6 19. Bg2 Rac8 20. f4
dxc3 21. Bxc6 bxc6 22. Kxc3 Bg7+ 23. Kc2 Rd5 0-1

[Event "DLM 2010"]
[Site "Stuttgart GER"]
[Date "2010.11.19"]
[Round "5"]
[White "Hupfer, Garlef"]
[Black "Manusina, Nicole"]
[Result "0-1"]
[Termination "normal"]
[Board "1.7"]
[WhiteElo "1677"]
[BlackElo "1751"]
[WhiteTeam "Württemberg 2"]
[BlackTeam "Niedersachsen"]
[WhiteFideId "12906662"]
[BlackFideId "24657514"]
[EventCountry "GER"]
[EventRounds "7"]
[EventType "team-swiss"]
[EventDate "2010.11.16"]

1. e4 c6 2. d4 d5 3. exd5 cxd5 4. Bd3 Nc6 5. c3 Qc7 6. Ne2 Bg4 7. f3 Bd7 8. Bf4
e5 9. dxe5 Nxe5 10. O-O Bd6 11. Re1 O-O-O 12. Bxe5 Bxe5 13. h3 g5 14. Nd4 h5
15. Nf5 g4 16. h4 Bg3 17. Re3 Qf4 18. Qc2 Kb8 19. Re2 gxf3 20. gxf3 Bxf5 21.
Bxf5 Nh6 22. Bh3 Rhg8 23. Bg2 Nf5 24. Kf1 Ne3+ 25. Rxe3 Qxe3 26. Na3 Rge8 27.
Bh1 Qf4 28. Qg2 Qxh4 29. Nc2 Qc4+ 30. Kg1 Rg8 31. Qf1 Qc5+ 32. Nd4 Be5+ 33. Bg2
Bxd4+ 34. cxd4 Qxd4+ 35. Kh1 Qh4+ 36. Kg1 Qg3 37. Kh1 h4 38. Bh3 d4 39. Rd1 d3
40. Rd2 Qe5 41. Qf2 Rg3 42. Qf1 Qe3 43. Rd1 Rxf3 44. Qg2 Rxh3+ 0-1

[Event "DLM 2010"]
[Site "Stuttgart GER"]
[Date "2010.11.19"]
[Round "5"]
[White "Sieber, Fiona"]
[Black "Gaßmann, Linda"]
[Result "1/2-1/2"]
[Termination "normal"]
[Board "1.8"]
[WhiteElo "1637"]
[BlackElo "1821"]
[WhiteTeam "Niedersachsen"]
[BlackTeam "Württemberg 2"]
[WhiteFideId "12902373"]
[BlackFideId "12900451"]
[EventCountry "GER"]
[EventRounds "7"]
[EventType "team-swiss"]
[EventDate "2010.11.16"]

1. e4 e5 2. Nf3 Nf6 3. d4 exd4 4. e5 Qe7 5. Qe2 Nd5 6. Nxd4 c6 7. c4 Nc7 8. b3
Ne6 9. Bb2 Qc5 10. Nf5 Be7 11. Nxe7 Qxe7 12. Qd3 Na6 13. g3 O-O 14. Bg2 Rd8 15.
O-O d6 16. Qe2 dxe5 17. Qxe5 Qc5 18. Na3 Qxe5 19. Bxe5 Bd7 20. Rad1 Be8 21. Nc2
f6 22. Bb2 Bg6 23. Ne3 Nac7 24. f4 Bf7 25. Be4 Nc5 26. Bb1 Re8 27. Rfe1 Rad8
28. Rxd8 Rxd8 29. Rd1 Rxd1+ 30. Nxd1 Bh5 31. Ne3 Bf3 32. Kf2 Be4 33. Bxe4 Nxe4+
34. Ke2 Kf7 35. Nf5 g6 36. Nd4 Ne6 37. Nxe6 Kxe6 38. Ke3 f5 39. Bd4 a6 40. Be5
h6 41. Bg7 h5 42. Be5 Kd7 43. Ke2 b5 44. a4 bxa4 45. bxa4 Nc5 46. a5 Nb7 47.
Bc3 Nd6 48. Kd3 Ke6 49. Be5 Ne4 50. Ke3 Kd7 51. Bd4 Ke6 52. Be5 Kd7 1/2-1/2

[Event "DLM 2010"]
[Site "Stuttgart GER"]
[Date "2010.11.19"]
[Round "5"]
[White "Poetsch, Hagen"]
[Black "Seifert, Christopher"]
[Result "1-0"]
[Termination "normal"]
[Board "2.1"]
[WhiteTitle "FM"]
[WhiteElo "2395"]
[BlackElo "2217"]
[WhiteTeam "Hessen 1"]
[BlackTeam "Hessen 2"]
[WhiteFideId "24615137"]
[BlackFideId "24615293"]
[EventCountry "GER"]
[EventRounds "7"]
[EventType "team-swiss"]
[EventDate "2010.11.16"]

1. d4 Nf6 2. c4 c5 3. d5 e6 4. Nc3 exd5 5. cxd5 d6 6. e4 g6 7. f4 Bg7 8. Nf3
O-O 9. Be2 Re8 10. e5 Nfd7 11. O-O dxe5 12. Ne4 Nb6 13. fxe5 Qxd5 14. Nd6 Rf8
15. Bg5 Nc6 16. Rc1 Be6 17. Nxb7 Nxe5 18. Rxc5 Nxf3+ 19. Bxf3 Qxa2 20. Nd6 Qxb2
21. Rb5 Qd4+ 22. Kh1 a6 23. Rb1 Ra7 24. Qxd4 Bxd4 25. Rfd1 Bc5 26. Ne4 Rc7 27.
Bf4 Rcc8 28. Nxc5 Rxc5 29. Rxb6 Ra5 30. Bh6 Re8 31. Bc6 Rc8 32. Bb7 Re8 33.
Rxa6 Rh5 34. Bf4 Bd5 35. Ra8 Rxa8 36. Bxa8 Bxa8 37. Rd8+ Kg7 38. Rxa8 Rf5 39.
g3 h5 40. Be3 Rd5 41. Kg2 Rd6 42. Ra5 Rd7 43. Kf3 Rd6 44. Ke4 Rd1 45. h4 Rf1
46. Bd4+ Kh6 47. Ra8 f6 48. Be3+ Kg7 49. Ra7+ Kg8 50. Bh6 1-0

[Event "DLM 2010"]
[Site "Stuttgart GER"]
[Date "2010.11.19"]
[Round "5"]
[White "Aslan, Benjamin"]
[Black "Geske, Julian"]
[Result "0-1"]
[Termination "normal"]
[Board "2.2"]
[BlackTitle "FM"]
[WhiteElo "2105"]
[BlackElo "2364"]
[WhiteTeam "Hessen 2"]
[BlackTeam "Hessen 1"]
[WhiteFideId "24640298"]
[BlackFideId "24605263"]
[EventCountry "GER"]
[EventRounds "7"]
[EventType "team-swiss"]
[EventDate "2010.11.16"]

1. d4 d5 2. c4 c6 3. Nf3 dxc4 4. e3 Be6 5. Qc2 Nf6 6. Nc3 b5 7. Ng5 Bd7 8. a4
e6 9. Be2 Be7 10. O-O h6 11. Nf3 O-O 12. Ne5 a6 13. Rd1 Qc7 14. e4 Rd8 15. Bf4
Qb7 16. Bf3 Be8 17. Rab1 Nbd7 18. b3 cxb3 19. Qxb3 Nxe5 20. Bxe5 Qa7 21. d5
cxd5 22. exd5 Nxd5 23. Nxd5 exd5 24. Bxd5 Rac8 25. Qg3 Bf8 26. Bf6 Rd7 27. Bd4
Qc7 28. Qf3 Rcd8 29. Rbc1 Qa5 30. Be6 Rxd4 31. Rxd4 Bc6 0-1

[Event "DLM 2010"]
[Site "Stuttgart GER"]
[Date "2010.11.19"]
[Round "5"]
[White "Ohme, Melanie"]
[Black "Will, Dominik"]
[Result "1-0"]
[Termination "normal"]
[Board "2.3"]
[WhiteTitle "WIM"]
[WhiteElo "2311"]
[BlackElo "2023"]
[WhiteTeam "Hessen 1"]
[BlackTeam "Hessen 2"]
[WhiteFideId "4690745"]
[BlackFideId "4696557"]
[EventCountry "GER"]
[EventRounds "7"]
[EventType "team-swiss"]
[EventDate "2010.11.16"]

1. e4 c5 2. Nf3 d6 3. d4 cxd4 4. Nxd4 Nf6 5. Nc3 g6 6. Be2 Bg7 7. O-O Nc6 8.
Nb3 O-O 9. Bg5 Be6 10. Kh1 a5 11. a4 Qb6 12. f4 Nb4 13. f5 Bd7 14. fxg6 hxg6
15. e5 dxe5 16. Bxf6 Bxf6 17. Qxd7 Nxc2 18. Bc4 Nxa1 19. Rxa1 Rfd8 20. Qg4 Kg7
21. Nd5 Qf2 22. Rf1 Qxb2 23. Nxe7 1-0

[Event "DLM 2010"]
[Site "Stuttgart GER"]
[Date "2010.11.19"]
[Round "5"]
[White "Galkin, Wladislaw"]
[Black "Schröder, Jan-Christian"]
[Result "0-1"]
[Termination "normal"]
[Board "2.4"]
[WhiteElo "1924"]
[BlackElo "2108"]
[WhiteTeam "Hessen 2"]
[BlackTeam "Hessen 1"]
[WhiteFideId "4603192"]
[BlackFideId "24662259"]
[EventCountry "GER"]
[EventRounds "7"]
[EventType "team-swiss"]
[EventDate "2010.11.16"]

1. d4 d5 2. c4 e6 3. Nc3 Nf6 4. Bg5 Be7 5. Nf3 h6 6. Bh4 O-O 7. e3 Ne4 8. Bxe7
Qxe7 9. Qc2 Nxc3 10. bxc3 Nd7 11. Bd3 dxc4 12. Bxc4 b6 13. O-O Bb7 14. e4 Nf6
15. Rfe1 c5 16. d5 exd5 17. Bxd5 c4 18. Bxb7 Qxb7 19. Nd2 Qc6 20. Re2 Rad8 21.
Nf3 Rfe8 22. Nd4 Qc5 23. Rae1 Nd7 24. Re3 b5 25. Qb1 a6 26. Rg3 Ne5 27. Nf5 Ng6
28. e5 Rd3 29. Rxd3 cxd3 30. Qxd3 Nxe5 31. Qd2 Nf3+ 32. gxf3 Rxe1+ 33. Qxe1
Qxf5 34. Qe8+ Kh7 35. Qe4 Kg6 36. Kg2 Qxe4 37. fxe4 Kf6 38. f4 Ke6 39. Kf3 Kd6
40. Ke3 Kc5 41. Kd3 a5 42. h4 h5 43. Kd2 Kc4 44. Kc2 g6 45. Kd2 b4 46. cxb4
Kxb4 47. Kc2 Kc4 48. f5 Kd4 49. fxg6 fxg6 50. Kb3 Kxe4 51. Ka4 g5 0-1

[Event "DLM 2010"]
[Site "Stuttgart GER"]
[Date "2010.11.19"]
[Round "5"]
[White "Hahn, Markus"]
[Black "Baskin, Robert"]
[Result "1-0"]
[Termination "normal"]
[Board "2.5"]
[WhiteElo "2078"]
[BlackElo "1870"]
[WhiteTeam "Hessen 1"]
[BlackTeam "Hessen 2"]
[WhiteFideId "24654647"]
[BlackFideId "24662402"]
[EventCountry "GER"]
[EventRounds "7"]
[EventType "team-swiss"]
[EventDate "2010.11.16"]

1. d4 d5 2. Nf3 Nf6 3. g3 e6 4. Bg2 c5 5. c4 Nc6 6. O-O cxd4 7. Nxd4 Bc5 8. Nf3
O-O 9. Nc3 dxc4 10. Qa4 Nd5 11. Qxc4 Nxc3 12. bxc3 Qd5 13. Qxd5 exd5 14. Rd1
Be6 15. e3 Rfd8 16. Bb2 Rac8 17. Ne1 Ne5 18. Nd3 Nc4 19. Bc1 Bg4 20. Re1 Bb6
21. Nf4 Rc5 22. h3 Be6 23. Rd1 Rb5 24. a4 Rb3 25. Bxd5 Rxc3 26. Nxe6 fxe6 27.
Bxe6+ Kf8 28. Rxd8+ Bxd8 29. Bxc4 Rxc4 30. Bb2 a6 31. Bd4 Ba5 32. Rb1 b6 33.
Bxb6 Bxb6 34. Rxb6 Rxa4 35. Rb7 Ra1+ 36. Kg2 a5 37. Ra7 a4 38. g4 a3 39. h4 h6
40. h5 Kg8 41. Kg3 Ra2 42. f3 Ra1 43. Kf4 a2 44. e4 Kf8 45. e5 Kg8 46. Kf5 Rf1
47. Rxa2 Rxf3+ 48. Kg6 Rf8 49. Ra7 Kh8 50. Rf7 Re8 51. Kf5 Kg8 52. Ra7 Kf8 53.
e6 Rb8 54. Kg6 Rb6 55. Rf7+ Ke8 56. Kxg7 Rxe6 57. Rf6 Re4 58. g5 hxg5 59. h6
Kd7 60. h7 1-0

[Event "DLM 2010"]
[Site "Stuttgart GER"]
[Date "2010.11.19"]
[Round "5"]
[White "Sancar, Alina"]
[Black "Tran, My Linh"]
[Result "1/2-1/2"]
[Termination "normal"]
[Board "2.6"]
[WhiteElo "1793"]
[BlackElo "1895"]
[WhiteTeam "Hessen 2"]
[BlackTeam "Hessen 1"]
[WhiteFideId "4624750"]
[BlackFideId "24682462"]
[EventCountry "GER"]
[EventRounds "7"]
[EventType "team-swiss"]
[EventDate "2010.11.16"]

1. d4 Nf6 2. Nf3 e6 3. g3 c5 4. c3 b6 5. Bg2 Bb7 6. O-O d5 7. Bf4 Bd6 8. Bxd6
Qxd6 9. Na3 a6 10. Nc2 O-O 11. e3 cxd4 12. exd4 Nbd7 13. Nb4 Qc7 14. Nd3 Rac8
15. Nde5 Nxe5 16. Nxe5 Nd7 17. Qe2 Nxe5 18. Qxe5 a5 19. Qxc7 Rxc7 20. a4 Rc6
21. Rfe1 Ba6 22. Bf1 Bxf1 23. Kxf1 f6 24. Re2 Kf7 25. f4 Re8 26. Kf2 h5 1/2-1/2

[Event "DLM 2010"]
[Site "Stuttgart GER"]
[Date "2010.11.19"]
[Round "5"]
[White "Höpfner, Tim"]
[Black "Brandl, Lea"]
[Result "1-0"]
[Termination "normal"]
[Board "2.7"]
[WhiteElo "1907"]
[BlackElo "1542"]
[WhiteTeam "Hessen 1"]
[BlackTeam "Hessen 2"]
[WhiteFideId "4638310"]
[BlackFideId "24693049"]
[EventCountry "GER"]
[EventRounds "7"]
[EventType "team-swiss"]
[EventDate "2010.11.16"]

1. d4 d5 2. c4 e6 3. Nf3 Nf6 4. g3 Be7 5. Bg2 c6 6. Nbd2 O-O 7. O-O Nbd7 8. Qc2
Re8 9. e4 dxe4 10. Nxe4 Nxe4 11. Qxe4 Nf6 12. Qc2 Bd6 13. Rd1 Qe7 14. a3 a5 15.
Be3 h6 16. Re1 Ng4 17. Bd2 Nf6 18. Qc1 Qd7 19. Bf4 Bxf4 20. Qxf4 Nh5 21. Qe3
Nf6 22. Ne5 Qd6 23. c5 Qc7 24. Nc4 Rd8 25. Nd6 Qd7 26. f4 Ne8 27. Nc4 Qc7 28.
Nb6 Ra7 29. Re2 Nf6 30. Rae1 Nd7 31. Qb3 Ra6 32. Nc4 Nf6 33. Qc3 Qd7 34. Rd2
Qc7 35. b4 axb4 36. axb4 Nd5 37. Bxd5 exd5 38. Nd6 g6 39. Qd3 Qd7 40. Rde2 Qh3
41. Qe3 Be6 42. Qe5 Ra7 43. Qf6 1-0

[Event "DLM 2010"]
[Site "Stuttgart GER"]
[Date "2010.11.19"]
[Round "5"]
[White "Liez, Franziska"]
[Black "Graf, Clara Victoria"]
[Result "1/2-1/2"]
[Termination "normal"]
[Board "2.8"]
[WhiteElo "1506"]
[BlackElo "1739"]
[WhiteTeam "Hessen 2"]
[BlackTeam "Hessen 1"]
[WhiteFideId "1271766"]
[BlackFideId "1270339"]
[EventCountry "GER"]
[EventRounds "7"]
[EventType "team-swiss"]
[EventDate "2010.11.16"]

1. e4 c5 2. Nf3 Nc6 3. d4 cxd4 4. Nxd4 g6 5. Nc3 Bg7 6. Be3 Nf6 7. Bc4 Qa5 8.
O-O O-O 9. f4 d6 10. h3 Qd8 11. Qd2 a5 12. Rae1 Qc7 13. Nf3 Nb4 14. Bb3 Bd7 15.
a3 Na6 16. Qf2 Nc5 17. Bxc5 dxc5 18. e5 Nh5 19. Nd5 Qd8 20. Qxc5 e6 21. Nb6 Ra6
22. Nxd7 Qxd7 23. Rd1 Qc8 24. Qd4 Ng3 25. Rf2 Nf5 26. Qd7 Qxd7 27. Rxd7 Rb8 28.
Ng5 Nh6 1/2-1/2

[Event "DLM 2010"]
[Site "Stuttgart GER"]
[Date "2010.11.19"]
[Round "5"]
[White "Wild, Achim"]
[Black "Krassowizkij, Jaroslaw"]
[Result "0-1"]
[Termination "normal"]
[Board "3.1"]
[WhiteElo "2089"]
[BlackElo "2248"]
[WhiteTeam "Saarland"]
[BlackTeam "Württemberg 1"]
[WhiteFideId "4658728"]
[BlackFideId "1271703"]
[EventCountry "GER"]
[EventRounds "7"]
[EventType "team-swiss"]
[EventDate "2010.11.16"]

1. e4 g6 2. d4 Bg7 3. Nc3 c5 4. d5 d6 5. h3 Nf6 6. Nf3 O-O 7. Be2 Na6 8. O-O
Nc7 9. Re1 a6 10. a4 b6 11. Nd2 Bd7 12. Bf1 b5 13. axb5 axb5 14. Rxa8 Qxa8 15.
g3 b4 16. Ne2 Bb5 17. Kh2 Qa7 18. f4 c4 19. Bg2 e6 20. Nf1 exd5 21. exd5 Re8
22. f5 Nfxd5 23. Nf4 Nxf4 24. Bxf4 Qf2 25. Be3 Qxf5 26. Qxd6 Be5 27. Qxb4 Qxc2
28. Bb6 Qxb2 29. Qc5 Na6 0-1

[Event "DLM 2010"]
[Site "Stuttgart GER"]
[Date "2010.11.19"]
[Round "5"]
[White "Pogan, Nikolas"]
[Black "Müller, Denis"]
[Result "1-0"]
[Termination "normal"]
[Board "3.2"]
[WhiteElo "2150"]
[BlackElo "1959"]
[WhiteTeam "Württemberg 1"]
[BlackTeam "Saarland"]
[WhiteFideId "24673579"]
[BlackFideId "4696140"]
[EventCountry "GER"]
[EventRounds "7"]
[EventType "team-swiss"]
[EventDate "2010.11.16"]

1. d4 Nf6 2. c4 g6 3. g3 Bg7 4. Bg2 O-O 5. Nc3 d6 6. Nf3 Nc6 7. O-O a6 8. Qd3
e5 9. dxe5 dxe5 10. Qxd8 Rxd8 11. Bg5 Be6 12. Nd2 h6 13. Bxf6 Rxd2 14. Bxg7
Kxg7 15. Bxc6 bxc6 16. b3 Rad8 17. Rfd1 Kf8 18. Kf1 Rxd1+ 19. Rxd1 Rd6 20. Ke1
Ke7 21. f3 c5 22. Na4 Rxd1+ 23. Kxd1 Kd6 24. Kd2 Bd7 25. Nc3 Bc6 26. Ke3 Ke6
27. Nd1 Kd6 28. Nf2 Ke6 29. Ng4 h5 30. Nf2 g5 31. h4 gxh4 32. gxh4 f5 33. Nd3
Kd6 34. f4 e4 35. Ne5 Be8 36. Kd2 Ke7 37. Kc3 a5 38. a3 Kd6 39. e3 Bc6 40. Nf7+
Ke7 41. Ne5 Kd6 42. b4 axb4+ 43. axb4 cxb4+ 44. Kxb4 Be8 45. c5+ Kd5 46. Nc4
Ke6 47. Na3 Bd7 48. Kc4 Ba4 49. Nb1 Bc6 50. Nc3 Bb7 51. Kb5 Kd7 52. Ne2 1-0

[Event "DLM 2010"]
[Site "Stuttgart GER"]
[Date "2010.11.19"]
[Round "5"]
[White "Frischmann, Rick"]
[Black "Braun, Georg"]
[Result "1/2-1/2"]
[Termination "normal"]
[Board "3.3"]
[WhiteElo "1906"]
[BlackElo "2073"]
[WhiteTeam "Saarland"]
[BlackTeam "Württemberg 1"]
[WhiteFideId "24660752"]
[BlackFideId "24629383"]
[EventCountry "GER"]
[EventRounds "7"]
[EventType "team-swiss"]
[EventDate "2010.11.16"]

1. e4 c5 2. Nf3 d6 3. d4 cxd4 4. Nxd4 Nf6 5. Nc3 g6 6. Be3 Bg7 7. f3 Nc6 8. Qd2
O-O 9. g4 Be6 10. O-O-O Nxd4 11. Bxd4 Qa5 12. a3 Rfc8 13. h4 Rab8 14. Nd5 Qxd2+
15. Rxd2 Nxd5 16. Bxg7 Kxg7 17. exd5 Bd7 18. Be2 Rc5 19. Kb1 b5 20. c3 a5 21.
Rd4 h6 22. Bd3 Be8 23. Re1 Rb7 24. f4 Rc8 25. g5 f6 26. a4 fxg5 27. fxg5 Rc5
28. axb5 Bxb5 29. c4 Be8 30. Rde4 Rcc7 31. gxh6+ Kxh6 32. Rg1 Rb3 33. Rg3 Rcb7
34. Re2 a4 35. h5 a3 36. hxg6 Rxd3 37. Rxd3 Bxg6 38. Red2 axb2 39. Rh2+ Kg7 40.
Rg2 Rb4 41. Rxg6+ Kxg6 42. Re3 Kf7 43. Re4 Ke8 44. Rf4 Kd7 45. Re4 Kd8 46. Rf4
Kc7 47. Re4 Kb6 48. Rxe7 Kc5 49. Re2 Rxc4 50. Kxb2 Kxd5 51. Kb3 Rc6 52. Rh2 Ke4
53. Rh4+ Kf5 54. Rh5+ Kg4 55. Rd5 Kf4 56. Rh5 Kg4 57. Rd5 Kf4 1/2-1/2

[Event "DLM 2010"]
[Site "Stuttgart GER"]
[Date "2010.11.19"]
[Round "5"]
[White "Erben, Larissa"]
[Black "Holle, Cedric"]
[Result "0-1"]
[Termination "normal"]
[Board "3.4"]
[WhiteElo "2092"]
[BlackElo "1780"]
[WhiteTeam "Württemberg 1"]
[BlackTeam "Saarland"]
[WhiteFideId "24634590"]
[BlackFideId "24692158"]
[EventCountry "GER"]
[EventRounds "7"]
[EventType "team-swiss"]
[EventDate "2010.11.16"]

1. e4 e6 2. d4 d5 3. exd5 exd5 4. Nf3 Nf6 5. c4 Be7 6. Nc3 c6 7. Bd3 O-O 8. h3
Re8 9. O-O Qa5 10. Re1 Be6 11. Ne5 Nbd7 12. Qb3 Nxe5 13. dxe5 dxc4 14. Bxc4
Bxc4 15. Qxc4 Nd5 16. Bd2 Nb4 17. a3 Qd8 18. Rad1 Nd3 19. Bc1 Nxe1 20. Rxd8
Raxd8 21. Be3 Nd3 22. f4 b6 23. b4 c5 24. Nd5 Nb2 25. Qb3 Bh4 26. bxc5 bxc5 27.
Bxc5 Rb8 28. Qf3 a5 29. Qg4 Nd3 30. Nf6+ Bxf6 31. exf6 g6 32. Bd4 Re4 33. Ba7
Rbe8 34. Qg5 Nxf4 35. Qxa5 Re1+ 36. Kf2 R1e2+ 37. Kf3 Nxg2 38. Bf2 Nf4 39. Qb5
Nxh3 40. Bd4 R2e4 41. Qd5 h6 42. a4 Ng5+ 43. Kg3 h5 44. Kf2 Rf4+ 45. Kg3 Rf3+
46. Kh4 Re4+ 47. Kxg5 Rf5+ 48. Qxf5 gxf5 49. Bf2 Rxa4 50. Kxh5 Rg4 51. Bh4 Kf8
52. Bg5 Ke8 53. Be3 Kd7 54. Bd2 Ke6 55. Bc3 Rg6 56. Kh4 f4 0-1

[Event "DLM 2010"]
[Site "Stuttgart GER"]
[Date "2010.11.19"]
[Round "5"]
[White "Brühan, Caren"]
[Black "Kvetny, Mark"]
[Result "0-1"]
[Termination "normal"]
[Board "3.5"]
[WhiteElo "1683"]
[BlackElo "1984"]
[WhiteTeam "Saarland"]
[BlackTeam "Württemberg 1"]
[WhiteFideId "24691976"]
[BlackFideId "24603929"]
[EventCountry "GER"]
[EventRounds "7"]
[EventType "team-swiss"]
[EventDate "2010.11.16"]

1. d4 Nf6 2. Nf3 e6 3. e3 b6 4. Bd3 Bb7 5. O-O c5 6. c3 Be7 7. Re1 Nc6 8. Nbd2
d5 9. dxc5 bxc5 10. e4 O-O 11. Qc2 c4 12. Bf1 Qb6 13. exd5 exd5 14. h3 Bc5 15.
Nb1 Rae8 16. b4 Rxe1 17. Nxe1 Nxb4 18. cxb4 Bd4 19. Bb2 Ne4 20. Bxd4 Qxd4 21.
Nd2 Qxa1 22. Nxe4 Qxe1 23. Nc5 Qxb4 24. Nxb7 Qxb7 25. Be2 Rb8 26. Kh2 Qb2 0-1

[Event "DLM 2010"]
[Site "Stuttgart GER"]
[Date "2010.11.19"]
[Round "5"]
[White "Schäfer, Daniela"]
[Black "Alt, Elisabeth"]
[Result "1-0"]
[Termination "normal"]
[Board "3.6"]
[WhiteElo "1935"]
[BlackElo "1386"]
[WhiteTeam "Württemberg 1"]
[BlackTeam "Saarland"]
[WhiteFideId "4624769"]
[BlackFideId "24692620"]
[EventCountry "GER"]
[EventRounds "7"]
[EventType "team-swiss"]
[EventDate "2010.11.16"]

1. e4 c5 2. Nf3 Nc6 3. Bb5 g6 4. O-O Bg7 5. c3 Nf6 6. Re1 O-O 7. h3 Re8 8. d4
cxd4 9. cxd4 d5 10. e5 Ne4 11. Bd3 f5 12. Qb3 Kh8 13. Nc3 Nxc3 14. bxc3 h6 15.
Qc2 a6 16. Nh4 Kh7 17. e6 Rf8 18. g4 Qe8 19. gxf5 Nd8 20. Nxg6 Rf6 21. Ba3 Nc6
22. Nf4 Qd8 23. Nh5 Rf8 24. f6+ 1-0

[Event "DLM 2010"]
[Site "Stuttgart GER"]
[Date "2010.11.19"]
[Round "5"]
[White "Müller, Max"]
[Black "Walter, Kevin"]
[Result "0-1"]
[Termination "normal"]
[Board "3.7"]
[WhiteElo "1298"]
[BlackElo "1757"]
[WhiteTeam "Saarland"]
[BlackTeam "Württemberg 1"]
[WhiteFideId "12900486"]
[BlackFideId "12906654"]
[EventCountry "GER"]
[EventRounds "7"]
[EventType "team-swiss"]
[EventDate "2010.11.16"]

1. e4 c5 2. Nc3 Nc6 3. f4 e6 4. Nf3 g6 5. Bb5 Nge7 6. Bxc6 Nxc6 7. O-O Bg7 8.
d3 O-O 9. Bd2 a6 10. Qe1 b5 11. Rb1 Bb7 12. Qg3 Ne7 13. Qh4 d6 14. f5 exf5 15.
Bh6 fxe4 16. Ng5 Nf5 17. Rxf5 gxf5 18. Bxg7 Kxg7 19. Qxh7+ Kf6 20. Qh6+ Ke7 21.
dxe4 Kd7 22. Rd1 Kc7 23. Qg7 Kb8 24. h4 Ka7 25. e5 d5 26. e6 fxe6 27. Nxe6 Qf6
28. Qxf6 Rxf6 29. Nxc5 Rc8 30. b4 Rg6 31. Kh2 d4 32. Rxd4 Rxg2+ 33. Kh3 Rcg8
34. Rd3 Rg1 0-1